000 00948nam a22002537a 4500
005 20170124103022.0
010 _aA-442983
020 _c35.00
035 _aA-442983
037 _bCen Lib/Ret
040 _aDPL
_bHN
082 _a
_bकौशिक
100 _aकौशिक, सुनील
_961037
245 _aबर्खास्तगी /
_cसुनील कौशिक
246 _aBarkhastagi /
_bby Suneel Kaushik
260 _a दिल्ली
_bप्रेम प्रकाशन मंदिर
_c1990
270 _a3012, बल्लीमारान
_b दिल्ली
_e110006
300 _a104पृ.
_c16सेमी(सजिल्द)
650 _aहिन्दी साहित्य
_961038
650 _aहिन्दी कहानियां
_961039
650 _aHindi literature
_961040
650 _aHindi stories
_961041
942 _2ddc
_cHN
_h
_mकौशिक
999 _c115350
_d115350